MARC

LEADER 00000nam0a2200000 4500
001 365569
005 20231102011810.0
035 |a (RuTPU)RU\TPU\retro\22932 
090 |a 365569 
100 |a 20220113d1981 km y0rusy50 ca 
101 0 |a rus 
102 |a UA 
105 |a a g 001zy 
200 1 |a Справочник по технике магнитной записи  |f под ред. О. В. Пррицкого, Е. Н. Травникова 
210 |a Киев  |c Технiка  |d 1981 
215 |a 319 с.  |c ил. 
320 |a Библиогр.: с. 317-318 
606 1 |a Магнитная запись точная  |2 stltpush  |3 (RuTPU)RU\TPU\subj\40775  |9 60606 
610 1 |a справочники 
610 1 |a аппаратура 
610 1 |a магнитные головки 
610 1 |a приводы 
610 1 |a электромеханические узлы 
610 1 |a изготовление 
610 1 |a настройка 
610 1 |a настройка 
610 1 |a настройка 
675 |a 681.84.083(035)  |v 4 
702 1 |a Пррицкий  |b О. В.  |4 340 
702 1 |a Травников  |b Е. Н.  |4 340 
801 1 |a RU  |b 63413507  |c 20220113 
942 |c BK